TRANSCOM 2013 10-th european conference of young researchers and scientists : proceedings : Žilina June 24-26, 2013
Salvato in:
| Ente Autore: | |
|---|---|
| Altri autori: | , , , |
| Natura: | Libro |
| Lingua: | inglese |
| Pubblicazione: |
Žilina
University of Žilina
2013
|
| Edizione: | 1. vyd. |
| Soggetti: | |
| Tags: |
Nessun Tag, puoi essere il primo ad aggiungerne!!
|
MARC
| LEADER | 00000nam a2200000 4500 | ||
|---|---|---|---|
| 001 | 0182616 | ||
| 005 | 20240109074705.5 | ||
| 020 | |a 978-80-554-0692-3 | ||
| 041 | 0 | |a eng | |
| 044 | |a SK | ||
| 245 | 1 | 0 | |a TRANSCOM 2013 |b 10-th european conference of young researchers and scientists : proceedings : Žilina June 24-26, 2013 |c edited by Michal Kochláň, Anton Lieskovský |
| 250 | |a 1. vyd. | ||
| 264 | 1 | |a Žilina |b University of Žilina |c 2013 | |
| 300 | |a 126 s. | ||
| 610 | 2 | 0 | |a ekonómia |
| 610 | 2 | 0 | |a veda |
| 610 | 2 | 0 | |a informatika |
| 610 | 2 | 0 | |a technológie komunikačné |
| 610 | 2 | 0 | |a logistika |
| 610 | 2 | 0 | |a manažment |
| 610 | 2 | 0 | |a kybernetika |
| 700 | 1 | |a Kochláň, Michal | |
| 700 | 1 | |a Lieskovský, Anton | |
| 700 | 1 | |a Adamec, Bohumil | |
| 700 | 1 | |a Achimská, Veronika | |
| 110 | 2 | |a TRANSCOM 2013. European conference | |